000 00553nam a22001937a 4500
001 00028699
005 20260406085703.0
008 260406b ag ||||| |||| 00| 0 spa d
040 _aAR-CcCEOS
_bspa
_cAR-CcCEOS
041 _aspa
080 _a860-3(82)
090 _bPAS
100 _aRosa Pastalosky
_91014
245 _aLa novela victoriana en el mundo industrial /
_cRosa Pastalosky
264 _aBuenos Aires :
_bSolar/Hachette,
_cc1978.
300 _a145 p. ;
_c24x15 cm.
655 0 _aliteratura argentina
_928
_vnovela
942 _2udc
_cBK
_n0
999 _c28732
_d28732